000 00790nam a2200193 a 4500
003 0
005 20250625114319.0
008 030603s19uu xx 00 eng d
050 _aPHS LB 3609
_b.K36 1998
100 _aKaneko, Keiichi D.
245 _aCoping skills of Filipino-Japanese students in three Philippine schools in Las Piñas, Parañaque and Makati /
_cKeiichi D. Kaneko.
260 _aLas Piñas City, Philippines :
_bSouthville International School and Colleges,
_c1998.
300 _aunnumbered pages :
_billustrations ;
_c29 cm.
504 _aIncludes bibliographical references.
650 _aCoping (Psychology) in children
_zPhilippines.
650 _aStudents, Foreign
_zPhilippines
_xPsychology.
650 _aCultural fusion
_xPsychological aspects.
942 _2lcc
_cPASS
999 _c96204
_d96204